| Tag |
First Indicator |
Second Indicator |
Subfields |
| LEADER |
00000cam a2200000Ia 4500 |
| 001 |
in00002425278 |
| 005 |
20190327171532.0 |
| 006 |
m d |
| 007 |
cr cn||||||||| |
| 008 |
070802s2006 ne ab sb 001 0 eng d |
| 020 |
|
|
|a 9780444528834
|
| 020 |
|
|
|a 0444528830
|
| 035 |
|
|
|a (OCoLC)ocn162130194
|
| 035 |
|
|
|a (OCoLC)162130194
|
| 037 |
|
|
|a 109454:109501
|b Elsevier Science & Technology
|n http://www.sciencedirect.com
|
| 040 |
|
|
|a OPELS
|c OPELS
|d OPELS
|d UtOrBLW
|
| 049 |
|
|
|a TEFA
|
| 050 |
1 |
4 |
|a GB621
|b .P43 2006eb
|
| 070 |
1 |
|
|a GB621
|b .P43 2006
|
| 072 |
|
7 |
|a GB
|2 lcco
|
| 072 |
|
7 |
|a QC
|2 lcco
|
| 072 |
|
7 |
|a QH
|2 lcco
|
| 082 |
0 |
4 |
|a 577.68/7
|2 22
|
| 245 |
0 |
0 |
|a Peatlands :
|b evolution and records of environmental and climate changes /
|c edited by I.P. Martini, A. Martínez Cortizas, W. Chesworth.
|
| 250 |
|
|
|a 1st ed.
|
| 264 |
|
1 |
|a Amsterdam ;
|a Boston :
|b Elsevier,
|c 2006.
|
| 300 |
|
|
|a xviii, 587 pages :
|b illustrations (some color), maps ;
|c 25 cm.
|
| 336 |
|
|
|a text
|b txt
|2 rdacontent
|
| 337 |
|
|
|a computer
|b c
|2 rdamedia
|
| 338 |
|
|
|a online resource
|b cr
|2 rdacarrier
|
| 490 |
1 |
|
|a Developments in earth surface processes,
|x 0928-2025 ;
|v 9
|
| 533 |
|
|
|a Electronic reproduction.
|b Amsterdam :
|c Elsevier Science & Technology,
|d 2007.
|n Mode of access: World Wide Web.
|n System requirements: Web browser.
|n Title from title screen (viewed on July 25, 2007).
|n Access may be restricted to users at subscribing institutions.
|
| 520 |
|
|
|a 'In the past two decades there has been considerable work on global climatic change and its effect on the ecosphere, as well as on local and global environmental changes triggered by human activities. From the tropics to the Arctic, peatlands have developed under various geological conditions, and they provide good records of global and local changes since the Late Pleistocene. The objectives of the book are to analyze topics such as geological evolution of major peatlands basins; peatlands as self sustaining ecosystems; chemical environment of peatlands: water and peat chemistry; peatlands as archives of environmental changes; influence of peatlands on atmosphere: circular complex interactions; remote sensing studies of peatlands; peatlands as a resource; peatlands degradation, restoration, plus more.' * Presents an interdisciplinary approach, with an emphasis on Earth Science, and addresses the need for intergration between subdisciplines and the developing of new approaches * Synthesizes the evolutionary, ecological, and chemical characteristics of major peatlands, as well as focuses on the environmental changes, from climate changes to surface ares changes due to human activities * Covers topical studies of worldwide interest and provides examples from many different countries.
|
| 505 |
0 |
|
|a 1. Peatlands basins: evolution and structure. 2. The cycles of major elements in peatlands. 3. Geochemistry of peat and pore water. 4. Biodiversity of peatlands and how they have been affected by environmental changes. 5. Peatlands as multi-signal archives of environmental changes. 6. Direct human impact on peatlands: conservation and restoration.
|
| 504 |
|
|
|a Includes bibliographical references and index.
|
| 500 |
|
|
|a Electronic resource.
|
| 650 |
|
0 |
|a Peatlands.
|
| 650 |
|
0 |
|a Climatic changes.
|
| 650 |
|
0 |
|a Soils and climate.
|
| 655 |
|
7 |
|a Electronic books.
|2 local
|
| 700 |
1 |
|
|a Martini, I. P.
|q (Ireneo Peter),
|d 1935-
|
| 700 |
1 |
|
|a Martínez Cortizas, Antonio.
|
| 700 |
1 |
|
|a Chesworth, Ward.
|
| 776 |
1 |
|
|c Original
|z 9780444528834
|z 0444528830
|w (OCoLC)77482421
|
| 710 |
2 |
|
|a ScienceDirect (Online service)
|
| 830 |
|
0 |
|a Developments in earth surface processes.
|x 0928-2025 ;
|v 9.
|
| 856 |
4 |
0 |
|u http://proxy.library.tamu.edu/login?url=http://www.sciencedirect.com/science/publication?issn=09282025&volume=9
|z Connect to the full text of this electronic book
|t 0
|
| 994 |
|
|
|a C0
|b TEF
|
| 999 |
|
|
|a MARS
|
| 999 |
f |
f |
|s d6e63947-ce44-3c96-bd86-a9f40a2e5e49
|i ddfec2d8-8fdc-3299-9b35-b96bb42a2361
|t 0
|
| 952 |
f |
f |
|a Texas A&M University
|b College Station
|c Electronic Resources
|d Available Online
|t 0
|e GB621 .P43 2006eb
|h Library of Congress classification
|
| 998 |
f |
f |
|a GB621 .P43 2006eb
|t 0
|l Available Online
|